书目信息 |
| 题名: |
统筹城乡发展推进社会主义新农村建设
|
|
| 作者: | ;北京市农村经济研究中心 主编 | |
| 分册: | ||
| 出版信息: | 北京 中国农业出版社 2006 |
|
| 页数: | 339 | |
| 开本: | 23cm | |
| 丛书名: | ||
| 单 册: | ||
| 中图分类: | F327.1 | |
| 科图分类: | ||
| 主题词: | 农业经济--中国 | |
| 电子资源: | ||
| ISBN: | 7-109-10689-6 | |
| 000 | 00845nam0 2200193 450 | |
| 001 | 0753815641 | |
| 005 | 20070930145655.64 | |
| 010 | @a7-109-10689-6@d¥35.00 | |
| 100 | @a20070930d km y0chiy0120 ea | |
| 101 | 0 | @achi |
| 200 | 1 | @a统筹城乡发展推进社会主义新农村建设@Atong chou cheng xiang fa zhan tui jin she hui zhu yi xin nong cun jian she@e第三届北京郊区现代化发展论坛文集@f北京市农村经济研究中心主编@Fbei jing shi nong cun jing ji yan jiu zhong xin zhu bian |
| 210 | @a北京@c中国农业出版社@d2006 | |
| 215 | @a339@d23cm | |
| 517 | 1 | @a第三届北京郊区现代化发展论坛文集@Adi san jie bei jing jiao qu xian dai hua fa zhan lun tan wen ji |
| 606 | 0 | @a农业经济@x中国 |
| 690 | @aF327.1@v3 | |
| 711 | 02 | @a北京市农村经济研究中心@Abei jing shi nong cun jing ji yan jiu zhong xin@4主编 |
| 801 | 0 | @aCN@bPFT@c20070930 |
| 905 | @a213230@dF327.1@eg13@f1 | |
| 统筹城乡发展推进社会主义新农村建设:第三届北京郊区现代化发展论坛文集/北京市农村经济研究中心主编.-北京:中国农业出版社,2006 |
| 339;23cm |
| ISBN 7-109-10689-6:¥35.00 |
| ● |
| 相关链接 |
|
|
|
|
正题名:统筹城乡发展推进社会主义新农村建设
索取号:F327.1/g13
 
预约/预借
| 序号 | 登录号 | 条形码 | 馆藏地/架位号 | 状态 | 备注 |
| 1 | 6504454 | 265044542 | 密集书库-海洋学院/ [索取号:F327.1/g13] | 在馆 |